| 000 | 01502cam a2200373 i 4500 | ||
|---|---|---|---|
| 001 | 768714001 | ||
| 003 | CO-MdFUSB | ||
| 005 | 20220411101527.0 | ||
| 007 | ta | ||
| 008 | 020610t2002 it b 001 0 eng c | ||
| 020 | _a8876533494 | ||
| 040 |
_aXII _cCO-MdFUSB _dOHX _dC3L _dPU _dDLC _bspa _erda |
||
| 041 | _aeng | ||
| 082 | 1 | 4 |
_a224.406 _223 _bC823 |
| 100 | 1 |
_aCorral, Martin Alonso, _d1961- _eautor |
|
| 245 | 1 | 0 |
_aEzekiel's oracles against Tyre : _bhistorical reality and motivations _c/ Martin Alonso Corral. |
| 264 | 1 |
_aRoma, Italia : _bEditrice Pontificio Istituto biblico, _c[2002] |
|
| 264 | 4 | _c© 2002 | |
| 300 |
_a249 páginas ; _c24 cm. |
||
| 336 |
_2rdacontent _atexto _btdi |
||
| 337 |
_2rdamedia _asin mediación _bn |
||
| 338 |
_2rdacarrier _avolumen _bnc |
||
| 440 | 0 | _v46 | |
| 500 | _aOriginally presented as the author's thesis (doctoral)--New York University, 2000. | ||
| 504 | _aIncluye referencias bibliográficas (p. [179]-237) e índices. | ||
| 505 | _aMarco histórico de Ezequiel 26:1-28:19. -- Factores económicos y políticos en la condenación de Tiro por Ezequiel. -- El comentario parcial sobre Ezequiel 26:1-28:19 presta especial atención a las implicaciones históricas y las consideraciones económicas y políticas. -- Resumen y conclusiones. | ||
| 563 | _aRústico | ||
| 630 | 0 | 7 |
_aBiblia. _pEzequiel |
| 630 | 0 | 7 |
_aBiblia _xCrítica, interpretación, etc. |
| 942 | _cBK | ||
| 945 | _aJTF-925 | ||
| 999 |
_c67191 _d67191 |
||